{"text_format":"3","workbook":"xls","n_sheets":1,"sheets":["F.1.1 分部分项工程清单计价表(表-08)【钢结构】"],"not_rendered":{"external_links":1,"defined_names":1},"read":"whole","date_system":"1900","formulas":"cached_only"}

{"sheet":"F.1.1 分部分项工程清单计价表(表-08)【钢结构】","index":0,"n_rows":57,"n_cols":9,"rows_kept":57,"merged":[[0,0,0,8],[1,1,1,4],[1,6,1,8],[2,0,4,0],[2,1,4,1],[2,2,4,2],[2,3,4,3],[2,4,4,4],[2,5,2,8],[3,5,4,5],[3,6,4,6],[3,7,4,7],[3,8,4,8],[49,0,49,4],[49,5,49,8],[50,0,50,8],[51,0,51,8],[52,0,52,8],[53,0,53,8],[54,3,54,6],[55,3,55,6],[56,3,56,6]],"flags":["formulas_cached_only"]}
["龙涧溪公园（高铁站片区段）工程项目一标段（EPC）项目装饰工程工程量清单与报价表","","","","","","",null,""]
["工程名称：","龙涧溪公园（高铁站片区段）工程一标段：装饰工程","","","","","",null,""]
["序号","项目名称","项目特征描述","计量\r\n单位","工程量","金额（元）","",null,""]
["","","","",null,"全费用单价限价","班组所报单价","合计","备注"]
["","","","",null,"",""]
[1,"竖明横隐玻璃幕墙（彩云驿站、管理中心）","1.骨架材料种类、规格、中距：铝合金、尺寸详设计\n2.洞口尺寸:详设计图纸\n3.玻璃品种、厚度：8low-e+12A+8钢化中空low-e玻璃（弧形综合考虑）\n4.玻璃百叶：综合考虑、增加的工料、多点锁、风撑及相关五金配件等已综合考虑\n5.面层固定方式：详见设计图纸并满足规范要求\n6.嵌缝、塞口材料种类：详见设计图\n7.开窗：幕墙上开窗增加工料、多点锁、风撑及相关五金配件等已综合考虑\n8.包含但不限于辅材、铝单板明框盖板及压板、预埋铁件等均已综合考虑、不再另行计算\n9.二次转运及多次转运、上下车等由投标人自行考虑\n10.幕墙避雷系统详设计图\n11.具体做法:详设计图并满足相关验收规范要求","m2",744.25,1000,744250,null," "]
[2,"铝合金地弹门（彩云驿站、管理中心）","1.地弹簧：包含地弹簧、地弹簧做法详厂家二次设计\n2.洞口尺寸:详设计图纸\n3.玻璃品种、厚度：15mm厚钢化白玻\n4.固定方式：详见设计图纸并满足规范要求\n5.嵌缝、塞口材料种类：详见设计图\n6.拉手：铝合金门拉手、符合设计及规范要求\n7.龙骨：详设计图纸\n7.包含但不限于辅材、预埋铁件等均已综合考虑、不再另行计算\n8.二次转运及多次转运、上下车等由投标人自行考虑\n9.避雷系统详设计图\n10.具体做法:详设计图并满足相关验收规范要求","m2",17.61,542,9544.62]
[3,"2mm铝单板吊顶、珍珠白氟碳漆饰面（彩云驿站）","1、颜色：珍珠白氟碳漆饰面\n2.厚度：2mm\n3.配套龙骨：50*50*4mm厚热浸锌方通龙骨@1200\n4.辅材：已综合考虑不再另计\n4.固定方式综合考虑\n6.包含但不限于辅材、预埋铁件等均已综合考虑、不再另行计算\n7.二次转运及多次转运、上下车等由投标人自行考虑\n8.具体做法:详设计图并满足相关验收规范要求","m2",50,440,22000]
[4,"2mm铝单板吊顶、白色氟碳漆饰面（彩云驿站）","1、颜色：白色氟碳漆饰面\n2.厚度：2mm\n3.配套龙骨：50*50*4mm厚热浸锌方通龙骨@1200\n4.辅材：已综合考虑不再另计\n4.固定方式综合考虑\n6.包含但不限于辅材、预埋铁件等均已综合考虑、不再另行计算\n7.二次转运及多次转运、上下车等由投标人自行考虑\n8.具体做法:详设计图并满足相关验收规范要求","m2",692.66,440,304770.4]
[5,"2mm铝单板、珍珠白氟碳漆饰面（彩云驿站侧面外包）","1、颜色：珍珠白氟碳漆饰面\n2.厚度：2mm\n3.配套龙骨：50*50*4mm厚热浸锌方通龙骨@1200\n4.辅材：已综合考虑不再另计\n4.固定方式综合考虑\n6.包含但不限于辅材、预埋铁件等均已综合考虑、不再另行计算\n7.二次转运及多次转运、上下车等由投标人自行考虑\n8.具体做法:详设计图并满足相关验收规范要求","m2",469.46,440,206562.4]
[6,"2mm铝单板、珍珠白氟碳漆饰面（管理用房一节点）","1、颜色：珍珠白氟碳漆饰面\n2.厚度：2mm\n3.配套龙骨：50*4热浸锌钢矩管龙骨\n4.辅材：已综合考虑不再另计\n4.固定方式综合考虑\n6.包含但不限于辅材、预埋铁件等均已综合考虑、不再另行计算\n7.二次转运及多次转运、上下车等由投标人自行考虑\n8.具体做法:详设计图并满足相关验收规范要求","m2",365.715,440,160914.6]
[7,"2mm铝单板、珍珠白氟碳漆饰面（管理用房二节点）","1、颜色：珍珠白氟碳漆饰面\n2.厚度：2mm\n3.配套龙骨：50*4热浸锌钢矩管龙骨\n4.辅材：已综合考虑不再另计\n4.固定方式综合考虑\n6.包含但不限于辅材、预埋铁件等均已综合考虑、不再另行计算\n7.二次转运及多次转运、上下车等由投标人自行考虑\n8.具体做法:详设计图并满足相关验收规范要求","m2",207.9,440,91476]
[8,"2mm铝单板、珍珠白氟碳漆饰面（管理用房三节点）","1、颜色：珍珠白氟碳漆饰面\n2.厚度：2mm\n3.配套龙骨：50*4热浸锌钢矩管龙骨、200*100*6热浸锌钢矩管龙骨\n4.辅材：已综合考虑不再另计\n4.固定方式综合考虑\n6.包含但不限于辅材、预埋铁件等均已综合考虑、不再另行计算\n7.二次转运及多次转运、上下车等由投标人自行考虑\n8.具体做法:详设计图并满足相关验收规范要求","m2",111.4,440,49016]
[9,"2mm铝单板、珍珠白氟碳漆饰面（管理用房四节点）","1、颜色：珍珠白氟碳漆饰面\n2.厚度：2mm\n3.配套龙骨：50*4热浸锌钢矩管龙骨、100*50*4热浸锌钢矩管龙骨\n4.辅材：已综合考虑不再另计\n4.固定方式综合考虑\n6.包含但不限于辅材、预埋铁件等均已综合考虑、不再另行计算\n7.二次转运及多次转运、上下车等由投标人自行考虑\n8.具体做法:详设计图并满足相关验收规范要求","m2",80,440,35200]
[10,"2mm铝单板、珍珠白氟碳漆饰面（古桥驿站）","1、颜色：珍珠白氟碳漆\n2.厚度：2mm\n3.配套龙骨：120*60*5钢矩管龙骨热侵镀锌（立柱间距@≤1200mm均布）、L50x5角钢横梁 热侵镀锌、间距详设计\n4.辅材：包括但不限于不锈钢螺栓M6X25 GB5781-2000、不锈钢螺母M6 GB6170-2000、不锈钢弹垫 6GB93-1987、不锈钢平垫6 GB95-2002、30X23X3铝合金角码  L=50mm  @≤350mm、ST4.8x19不锈钢自攻钉 @≤350mm、φ6不锈钢铆钉 @≤350mm、L50x5钢角码 L=50mm  热侵镀锌、2mm厚橡胶垫片、硅酮耐候密封胶  φ18泡沫条、40x22x3铝合金加强筋（垂直于长边方向布置）通长，间距@≤550mm等已综合考虑不再另计\n4.固定方式综合考虑\n6.包含但不限于辅材、预埋铁件等均已综合考虑、不再另行计算\n7.二次转运及多次转运、上下车等由投标人自行考虑\n8.具体做法:详设计图并满足相关验收规范要求","m2",416.31,440,183176.4]
[11,"2mm铝单板、芝麻黑仿石氟碳漆饰面（生态厕所）","1、颜色：芝麻黑氟碳漆饰面\n2.厚度：2mm\n3.配套龙骨：120*60*5钢矩管龙骨热侵镀锌（立柱间距@≤1200mm均布）、L50x5角钢横梁 热侵镀锌、间距详设计\n4.辅材：包括但不限于不锈钢螺栓M6X25 GB5781-2000、不锈钢螺母M6 GB6170-2000、不锈钢弹垫 6GB93-1987、不锈钢平垫6 GB95-2002、30X23X3铝合金角码  L=50mm  @≤350mm、ST4.8x19不锈钢自攻钉 @≤350mm、φ6不锈钢铆钉 @≤350mm、L50x5钢角码 L=50mm  热侵镀锌、2mm厚橡胶垫片、硅酮耐候密封胶  φ18泡沫条、40x22x3铝合金加强筋（垂直于长边方向布置）通长，间距@≤550mm等已综合考虑不再另计\n4.固定方式综合考虑\n6.包含但不限于辅材、预埋铁件等均已综合考虑、不再另行计算\n7.二次转运及多次转运、上下车等由投标人自行考虑\n8.具体做法:详设计图并满足相关验收规范要求","m2",72.5,440,31900]
[12,"2mm铝单板、米灰色仿石氟碳漆饰面（生态厕所）","1、颜色：米灰色仿石氟碳漆饰面\n2.厚度：2mm\n3.配套龙骨：120*60*5钢矩管龙骨热侵镀锌（立柱间距@≤1200mm均布）、L50x5角钢横梁 热侵镀锌、间距详设计\n4.辅材：包括但不限于不锈钢螺栓M6X25 GB5781-2000、不锈钢螺母M6 GB6170-2000、不锈钢弹垫 6GB93-1987、不锈钢平垫6 GB95-2002、30X23X3铝合金角码  L=50mm  @≤350mm、ST4.8x19不锈钢自攻钉 @≤350mm、φ6不锈钢铆钉 @≤350mm、L50x5钢角码 L=50mm  热侵镀锌、2mm厚橡胶垫片、硅酮耐候密封胶  φ18泡沫条、40x22x3铝合金加强筋（垂直于长边方向布置）通长，间距@≤550mm等已综合考虑不再另计\n4.固定方式综合考虑\n6.包含但不限于辅材、预埋铁件等均已综合考虑、不再另行计算\n7.二次转运及多次转运、上下车等由投标人自行考虑\n8.具体做法:详设计图并满足相关验收规范要求","m2",54.33,440,23905.2]
[13,"2mm铝单板、米白色仿石氟碳漆饰面（生态厕所）","1、颜色：米白色仿石氟碳漆饰面\n2.厚度：2mm\n3.配套龙骨：120*60*5钢矩管龙骨热侵镀锌（立柱间距@≤1200mm均布）、L50x5角钢横梁 热侵镀锌、间距详设计\n4.辅材：包括但不限于不锈钢螺栓M6X25 GB5781-2000、不锈钢螺母M6 GB6170-2000、不锈钢弹垫 6GB93-1987、不锈钢平垫6 GB95-2002、30X23X3铝合金角码  L=50mm  @≤350mm、ST4.8x19不锈钢自攻钉 @≤350mm、φ6不锈钢铆钉 @≤350mm、L50x5钢角码 L=50mm  热侵镀锌、2mm厚橡胶垫片、硅酮耐候密封胶  φ18泡沫条、40x22x3铝合金加强筋（垂直于长边方向布置）通长，间距@≤550mm等已综合考虑不再另计\n4.固定方式综合考虑\n6.包含但不限于辅材、预埋铁件等均已综合考虑、不再另行计算\n7.二次转运及多次转运、上下车等由投标人自行考虑\n8.具体做法:详设计图并满足相关验收规范要求","m2",75.435,440,33191.4]
[14,"2mm铝单板、珍珠白氟碳漆饰面（浮云栈道）","1、颜色：珍珠白氟碳漆饰面\n2.厚度：2mm\n3.配套龙骨：详设计幕墙图\n4.固定方式综合考虑\n6.包含但不限于辅材、预埋铁件等均已综合考虑、不再另行计算\n7.二次转运及多次转运、上下车等由投标人自行考虑\n8.具体做法:详设计图并满足相关验收规范要求","m2",441.18,440,194119.2]
[15,"3mm厚红色冲孔铝单板（星云桥）","1、名称：3mm厚冲孔铝单板（边长50mm六边形孔）冲孔间距详设计放线图\n2.颜色：红色氟碳漆饰面\n3.配套龙骨：50*4钢矩管龙骨(间距1000mm)、10#槽钢夹件\n4.固定方式综合考虑\n5.包含但不限于辅材、预埋铁件等均已综合考虑、不再另行计算\n6.二次转运及多次转运、上下车等由投标人自行考虑\n7.具体做法:详设计图并满足相关验收规范要求","m2",255,510,130050]
[16,"3mm厚珍珠白冲孔铝单板（浮云一桥、浮云二桥）","1、名称：3mm厚冲孔铝单板（边长50mm六边形孔）冲孔间距详设计放线图\n2.颜色：珍珠白氟碳漆饰面\n3.配套龙骨：50*4钢矩管龙骨(间距1000mm)、10#槽钢夹件\n4.固定方式综合考虑\n5.包含但不限于辅材、预埋铁件等均已综合考虑、不再另行计算\n6.二次转运及多次转运、上下车等由投标人自行考虑\n7.具体做法:详设计图并满足相关验收规范要求","m2",524.49,510,267489.9]
[17,"1.5厚聚合物水泥JS(Ⅱ)防水涂料防水层（彩云驿站、管理中心、古桥驿站、生态厕所）","1.防水膜品种 ：JS-II复合防水涂膜（包工包料）\n2.位置：男厕、女厕、无障碍卫生间、清洁间、盥洗室等\n3.涂膜厚度、遍数：1.5mm \n4.增强材料种类：符合设计要求\n5.防水附加层、加强层、洞口填塞、搭接层、防水层收头投标人自行考虑综合进入报价，不再另计","m2",797.9,58,46278.2]
[18,"8厚300X300防滑地砖面层（彩云驿站、管理中心、古桥驿站、生态厕所）","1.结合层厚度、砂浆配合比 :20厚DS20水泥砂浆粘合层,上撒1-2厚干水泥并撒清水（不低于东鹏、冠珠、新中源的品牌品质要求），找平层综合考虑\n2.位置：地砖\n3.面层材料品种、规格、颜色 ：8厚300X300防滑地砖面层\n4.嵌缝材料种类 :白水泥擦缝\n5.做法：满足设计及现行施工技术、质量验收规范要求","m2","803.94",113.58,91311.5052]
[19,"6厚300X600釉面砖面层（彩云驿站、管理中心、古桥驿站、生态厕所）","1.结合层厚度、砂浆配合比 :8厚1:0.15:2水泥石灰砂浆粘结层(加建筑胶适量)，找平层综合考虑\n2.位置：瓷砖内墙面\n2.面层材料品种、规格、颜色 ： 6厚300X600釉面砖面层（墙砖）\n3.嵌缝材料种类 :白水泥擦缝\n4.做法：满足设计及现行施工技术、质量验收规范要求","m2","1727","119.31",206048.37]
[20,"内墙及天棚毛面刷乳胶漆（底漆一遍、面漆两遍）（彩云驿站、管理中心、古桥驿站、生态厕所）","1.基层处理：素水泥浆一道（内掺建筑胶）\n2.喷刷涂料部位 ：墙面及天棚\n3.刮腻子要求 ：分遍满刮腻子两遍达2~3mm厚，找平，磨光\n4.刷白色乳胶漆（一遍底漆，两遍面漆）（不低于立邦、多乐士、三棵树的品牌品质要求）\n5.包含但不限于辅材综合考虑、不再另行计算\n6.二次转运及多次转运、上下车等由投标人自行考虑\n7.具体做法:详设计图并满足相关验收规范要求\n","m2","926.3",45,41683.5]
[21,"白色无机涂料（管理中心）","1.基层类型 :综合\n2.腻子种类 : 成品腻子膏耐水性（包工包料）\n3.位置：天棚\n4.刮腻子遍数 ：两遍\n5.做法：满足设计及现行施工技术、质量验收规范要求","m2","142.83",45,6427.35]
[22,"真石漆","1.位置：包括但不限于构筑物、建筑物、室外坐凳、景墙等\n2.腻子种类：成品防水腻子 \n3.刮腻子遍数：满足规范要求 \n4.油漆品种、刷漆遍数：颜色综合考虑\n5.包含但不限于辅材、预埋铁件等均已综合考虑、不再另行计算\n6.二次转运及多次转运、上下车等由投标人自行考虑\n7.具体做法:详设计图并满足相关验收规范要求","m2","159",100,15900]
[23,"12厚300X300防水石膏板方板（彩云驿站、管理中心、古桥驿站、生态厕所）","1.钢筋混凝土板内预留∮6吊环，双向吊点，中距900-1200，∮8钢筋吊杆，双向吊点，中距900～1200，专用龙骨，中距<1200（包工包料）\n2.面层材料品种、规格:12厚300X300防水石膏板方板\n3.做法：满足设计及现行施工技术、质量验收规范要求\n","m2","140","123.37",17271.8]
[24,"6厚地砖踢脚线（彩云驿站、管理中心、古桥驿站、生态厕所）","1.结合层厚度、砂浆配合比 :4厚纯水泥浆粘结层(水泥浆内掺20%白乳胶)，找平层综合考虑\n2.面层材料品种、规格、颜色 ： 6厚地砖踢脚线（包工包料）（不低于东鹏、冠珠、新中源的品牌品质要求）\n3.嵌缝材料种类 :白水泥擦缝\n4.做法：满足设计及现行施工技术、质量验收规范要求","m2",4,120,480]
[25,"50厚挤塑聚苯板（管理中心）","1.保温隔热材料品种、规格、厚度：50mm厚挤塑聚苯板（包工包料）\n2.粘结材料种类、做法：符合设计要求及施工规范要求\n3.防护材料种类、做法：符合设计要求及施工规范要求","m2","269","48.50",13046.5]
[26,"外墙纸皮砖（52*230*12）（古桥驿站、生态厕所、）","1.结合层厚度、砂浆配合比 :12厚1:2.5水泥砂浆粘接层(掺5%防水剂)，找平层综合考虑\n2.面层材料品种、规格、颜色 ： 外墙纸皮砖（52*230*12）\n3.嵌缝材料种类 :白水泥擦缝、专用勾缝剂勾缝\n4.做法：满足设计及现行施工技术、质量验收规范要求","m2","256.9",130,33397]
[27,"100*60*2mm镀锌矩管格栅、白色氟碳漆饰面（彩云驿站）","1.名称：100*60*2mm镀锌矩管格栅、白色氟碳漆饰面(包工包料）\n2.部位：详见图纸\n3.连接方式：综合\n4.预埋件：综合考虑\n5.做法：满足设计及现行施工技术、质量验收规范要求\n","m",1646.5,65,107022.5]
[28,"夹板木门带门套（彩云驿站、管理中心、怪气啊驿站、生态厕所）","1.门类型:夹板木门、不低于美心、群升、王力品牌品质要求\n2.开启方式:综合\n3.颜色：综合\n4.所有外门窗均采用带有RISN节能标示的门窗。\n4.其他:五金配件、紧固件、密封材料、发泡剂、埋件、连接件、油漆等包括在综合单价中，门窗安装应满足其强度、热工、声学及安全性等技术要求\n5.其他:符合设计规范及施工验收规范要求","m2",25.41,512,13009.92]
[29,"6+12A+6中空玻璃窗，铝合金窗框（古桥驿站）","1.窗代号、类型：6+12A+6中空玻璃窗，铝合金窗框 开启方式综合（包工包料）、不低于圣保罗、坚美门窗、中旺铝业的品牌品质要求\n2.框外围展开面积：详见设计图纸综合\n3.框、扇材质：详见设计图纸综合\n4.玻璃品种、厚度：6+12A+6中空玻璃窗，铝合金窗框，按规范及设计要求使用安全玻璃（综合报价）\n5.所有五金及运距：投标人自行考虑进入报价\n6.其他详见设计，满足设计及施工质量验收规范要求","m2",34.92,718.31,25083.3852]
[30,"6+12A+6中空玻璃窗，铝合金窗框（弧形窗）（生态公厕）","1.窗代号、类型：6+12A+6中空玻璃窗，铝合金窗框（弧形窗） 开启方式综合（包工包料）、不低于圣保罗、坚美门窗、中旺铝业的品牌品质要求\n2.框外围展开面积：详见设计图纸综合\n3.框、扇材质：详见设计图纸综合\n4.玻璃品种、厚度：6+12A+6中空玻璃窗，铝合金窗框，按规范及设计要求使用安全玻璃（综合报价）\n5.所有五金及运距：投标人自行考虑进入报价\n6.其他详见设计，满足设计及施工质量验收规范要求","m2",7.92,821.87,6509.2104]
[31,"8+0.76+8夹胶安全玻璃窗（天窗）（古桥驿站）","1.窗代号、类型：8+0.76+8夹胶安全玻璃窗（天窗） 开启方式综合（包工包料）、不低于圣保罗、坚美门窗、中旺铝业的品牌品质要求\n2.框外围展开面积：详见设计图纸综合\n3.框、扇材质：详见设计图纸综合\n4.玻璃品种、厚度：8+0.76+8夹胶安全玻璃窗（天窗），按规范及设计要求使用安全玻璃（综合报价）\n5.所有五金及运距：投标人自行考虑进入报价\n6.其他详见设计，满足设计及施工质量验收规范要求","m2","71.76",935.87,67158.0312]
[32,"2mm厚铝单板、白色氟碳漆（月牙廊架）","1.厚度：2mm\n2.氟碳漆颜色：白色氟碳漆\n3.龙骨：GL3-50*50*3镀锌矩管\n2.连接方式：St4.8x19mm自攻自钻钉、白色硅酮建筑耐候密封胶+泡沫棒、兼做滴水\n3.造型（异形）综合考虑\n3.辅材综合考虑在单价中、现场材料的二次转运、上下车费用综合考虑\n4.其他:符合设计规范及施工验收规范要求","m2",508.43,440,223709.2]
[33,"2mm厚铝单板、珍珠白氟碳漆（七彩景观廊架、风雨廊）","1.厚度：2mm\n2.氟碳漆颜色：珍珠白氟碳漆\n3.龙骨：40*40*3镀锌矩管\n2.连接方式：St4.8x19mm自攻自钻钉、白色硅酮建筑耐候密封胶+泡沫棒、兼做滴水\n3.造型（异形）综合考虑\n3.辅材综合考虑在单价中、现场材料的二次转运、上下车费用综合考虑\n4.其他:符合设计规范及施工验收规范要求","m2",229.04,440,100777.6]
[34,"2mm厚铝单板、白色氟碳漆（七彩景观廊架、风雨廊）","1.厚度：2mm\n2.氟碳漆颜色：白色氟碳漆\n3.龙骨：40*40*3镀锌矩管\n2.连接方式：St4.8x19mm自攻自钻钉、白色硅酮建筑耐候密封胶+泡沫棒、兼做滴水\n3.造型（异形）综合考虑\n3.辅材综合考虑在单价中、现场材料的二次转运、上下车费用综合考虑\n4.其他:符合设计规范及施工验收规范要求","m2",{"v":50,"d":"50.00"},440,22000]
[35,"2mm厚铝单板、氟碳漆（七彩景观廊架、风雨廊）","1.厚度：2mm\n2.氟碳漆颜色：浅黄色、浅绿色、珍珠白综合考虑\n3.龙骨：40*40*3镀锌矩管\n2.连接方式：St4.8x19mm自攻自钻钉、白色硅酮建筑耐候密封胶+泡沫棒、兼做滴水\n3.造型（异形）综合考虑\n3.辅材综合考虑在单价中、现场材料的二次转运、上下车费用综合考虑\n4.其他:符合设计规范及施工验收规范要求","m2",{"v":64,"d":"64.00"},440,28160]
[36,"2mm厚铝单板、木纹色氟碳漆（七彩景观廊架、风雨廊）","1.厚度：2mm\n2.氟碳漆颜色：木纹色氟碳漆\n3.龙骨：40*40*3镀锌矩管\n2.连接方式：St4.8x19mm自攻自钻钉、白色硅酮建筑耐候密封胶+泡沫棒、兼做滴水\n3.造型（异形）综合考虑\n3.辅材综合考虑在单价中、现场材料的二次转运、上下车费用综合考虑\n4.其他:符合设计规范及施工验收规范要求","m2",{"v":20,"d":"20.00"},440,8800,null,""]
[37,"6+1.14PVB+6夹胶钢化透明玻璃（几何平台、阳光驿站）","1.玻璃种类型号：6+1.14PVB+6夹胶钢化透明玻璃\n2.位置：屋面\n3.固定方式：综合\n4.玻璃形状、制作损耗自行考虑\n5.辅材综合考虑在单价中、现场材料的二次转运、上下车费用综合考虑\n6.其他:符合设计规范及施工验收规范要求","m2",189.27,472.16,89365.7232,null,""]
[38,"6+1.14PVB+6钢化夹胶玻璃轻钢玻璃雨棚（古桥驿站）","1.做法详见：07J501-1  JP1-B1527(a)/8、双层钢化夹层玻璃8+1.14pvb+8钢化夹胶玻璃\n3.玻璃形状、制作损耗自行考虑\n4.辅材综合考虑在单价中、现场材料的二次转运、上下车费用综合考虑\n5.其他:符合设计规范及施工验收规范要求","m2",7.9,472.16,3730.064,null,""]
[39,"3厚镀锌钢板压顶，白色氟碳漆（里外广场）","1.材质：镀锌钢板\n2.厚度：3mm厚\n3.油漆：白色氟碳漆\n4.连接方式：L*50*32*3厚 不锈钢角铁@600，与钢板满焊\n5.辅材综合考虑在单价中、现场材料的二次转运、上下车费用综合考虑\n6.其他:符合设计规范及施工验收规范要求","m2",25.2,188.4,4747.68,null,""]
[40,"镜面（彩云驿站、管理用房、古桥驿站、生态公厕）","做法参西南18J517第38页1节点,镜面高1000,宽度同洗手台。","m2",4,200,800,null,""]
[41,"灰色塑钢蹲位隔断（彩云驿站、管理用房、古桥驿站、生态公厕）","参见西南18J517第45页1b节点","套",81,800,64800,null," "]
[42,"灰色塑钢蹲位隔断（小便隔板）（彩云驿站、管理用房、古桥驿站、生态公厕）","参见西南18J517第45页1b节点,隔板宽改为350","套",34,150,5100,null,""]
[43,"无障碍座便器安全抓杆（彩云驿站、管理用房、古桥驿站、生态公厕）","参见12J926-J10/3\n","m",3,80,240,null,""]
[44,"无障碍座便器靠墙安全抓杆（彩云驿站、管理用房、古桥驿站、生态公厕）\n","参见12J926-J10/3","m",4.5,80,360,null,""]
["合　　计",{"$nulls":4},""]
["注：1.本次采用全费用单价报价形式，最高限价为3730783.6592元，施工单位所报价高于最高限价的为无效报价，采购人不予接受。同时在工程量清单中公布最高费用单价限价，施工单位的全费用单价限价，施工单位的全费用单价也不得超过最高全费用单价限价，否则，采购人将予以拒绝。"]
["2.外脚手架甲方提供、内脚手架综合考虑在投标报价中不再另计。"]
["3.最终结算时，以经审计单位核定的实际完成工程量及有效的竣工资料进行计算，全费用单价按中选的全费用单价进行计价。"]
["3.要求开具发票税率为9%税率的增值税专票。"]
[{"$nulls":3},"报价单位："]
[{"$nulls":3},"委托代理人及电话："]
[{"$nulls":3},"时间："]